Premier League Clubs by Shirt Sponsor - Statistics

General Stats
  • This quiz has been taken 29 times
  • The average score is 16 of 19
Answer Stats
Sponsor Last Season Finish Club % Correct
Yokohama 1-5 Chelsea
100%
Etihad 1-5 Manchester City
100%
Chevrolet 5-10 Manchester United
100%
Fly Emirates 1-5 Arsenal
97%
King Power 5-10 Leicester City
97%
Standard Chartered 1-5 Liverpool
97%
AIA 1-5 Tottenham Hotspur
97%
American Express 16-20 Brighton
90%
SportPesa 5-10 Everton
90%
Fun88 11-15 Newcastle United
90%
Betway 5-10 West Ham United
90%
W88 Promoted Aston Villa
83%
LD Sports 16-20 Southampton
79%
ManBetX 5-10 and 10-15 Wolverhampton Wanderers, Crystal Palace
79%
Dafabet Promoted Norwich City
72%
USG Promoted Sheffield United
72%
LoveBet 11-15 Burnley
59%
Sportsbet.io 11-15 Watford
55%
M88 11-15 Bournemouth
38%
No matching quizzes found
Score Distribution
Percent of People with Each Score
Percentile by Number Answered
Your Score History
You have not taken this quiz